| 000 | 00699nam a22002057a 4500 | ||
|---|---|---|---|
| 005 | 20140910111721.0 | ||
| 010 | _aENG-110788 | ||
| 020 |
_a9788183875455 _c795.00 |
||
| 035 | _aEN-94320 | ||
| 037 | _bDBAD/PUB | ||
| 082 | _a381.0955 | ||
| 100 | _aKarim Koshteh MH | ||
| 245 |
_aInternational trade reforms and Iranian economy / _cby Karim Koshteh MH [and] Salarpour Mashallah |
||
| 260 |
_aDelhi _bSerials Publications _c2012 |
||
| 270 |
_a4830/24,Prahlad Street, Ansari Road ,Darya Ganj _bNew Delhi _e110002 |
||
| 300 |
_axii,211p. _c22cm(Hb) |
||
| 500 | _aIncludes bibliographical references and index | ||
| 700 | _aSalarpour Mashallah | ||
| 942 |
_2ddc _cEN _h381.0955 _mKAR |
||
| 999 |
_c88417 _d88417 |
||